The zone system craft book : a comprehensive guide to the zone system of exposure and development

Αποθηκεύτηκε σε:
Λεπτομέρειες βιβλιογραφικής εγγραφής
Κύριος συγγραφέας: Woods, John Charles
Μορφή: Βιβλίο
Γλώσσα:English
Δημοσίευση: Boston : McGraw Hill, c1993
Θέματα:
Ετικέτες: Προσθήκη ετικέτας
Δεν υπάρχουν, Καταχωρήστε ετικέτα πρώτοι!

MARC

LEADER 00000nam a2200000 i 4500
001 1/25822
008 020713s1993 eng d
020 |a 0-697-13190-4 
035 |l 10068135 
040 |a GR-MY-UA  |b gre  |e aacr 
041 0 |a eng 
082 0 |a 771  |2 (21) 
100 1 |a Woods, John Charles. 
245 1 4 |a The zone system craft book :  |b a comprehensive guide to the zone system of exposure and development /  |c John Charles Woods 
260 |a Boston :   |b McGraw Hill,   |c c1993 
300 |a xvii, 150 p.;  |b ill.;  |c 28 cm. 
500 |a Cover title: The zone system craftbook 
504 |a Includes bibliographical references and index. 
650 0 0 |a Zone system (Photography) 
852 |a INST  |b SYROS  |e 20020713  |h 771 WOO  |p 005500000187  |q 005500000187  |t BK  |y 0 
901 |a BIBL5-2002-2 
909 |a Ε  |b 102307 
922 |a 5ΕΛΗ  |b 200202  |c ΒΙΒΛΙΟΘΗΚΗ ΣΥΡΟΥ  |d ΠΑΠΑΣΩΤΗΡΙΟΥ 
950 |a 188-2002-02-27 
970 |a ΚΟΝΤΟΥ  |b ΠΑΡΑΣΚΕΥΗ  |z 2002/07/17